| 000 | 00948 a2200217 4500 | ||
|---|---|---|---|
| 001 | 200043728 | ||
| 999 |
_c200043728 _d24136 |
||
| 003 | TR-AnTOB | ||
| 005 | 20230911140229.0 | ||
| 008 | 120209b tu ana | ||
| 050 | 1 | 4 |
_aML1630.18 _b.F736 |
| 090 | _aAV ML1630.18 .F736 | ||
| 245 | 1 | 0 |
_aFrank Sinatra, inanılmaz performans - muhteşem müzik keyfi / _cFrank Sinatra. _h[sound recording]. |
| 300 |
_b1 sound discs ; _c4 3/4 in. |
||
| 505 | 0 |
_tStardust -- _tOld man river -- _tWhen your'e smiling -- _tI'll never smile again -- _tLast night when we were young -- _tWitch craft -- _tHigh hopes -- _tGone with the wind -- _tToo marvellous for words -- _tTalk to me -- _tHello young lovers -- _tLuck be a lady tonight -- _tAngels eyes -- _tThat old black magic -- _tLove make me feel so young _tFor somebody else |
|
| 910 | _aDVD0268 | ||
| 942 | _cVCD | ||
| 041 | _atur | ||
| 100 | 1 |
_aSinatra, Frank, _d1915-1998 _979233 |
|
| 650 | 0 |
_aPopular music _zUnited States _979234 |
|